| 000 | 00796nam a22001935i 4500 | ||
|---|---|---|---|
| 001 | 156789 | ||
| 003 | ES-MaACL | ||
| 005 | 20231227062553.0 | ||
| 008 | 950206s1877 sp |||| | spa d | ||
| 040 | _aAS | ||
| 100 | 1 |
_aLabra, Rafael M. de, _d1840-1918 _969273 |
|
| 245 | 1 | 3 |
_aUn aspecto de la cuestión de oriente _b: conferencia dada en la Institución Libre de Enseñanza de Madrid (1º de abril de 1877) / _cpor Rafael María de Labra. |
| 260 |
_aMadrid : _b[s.n.], _c1877 ( _fImprenta de Aurelio J. Alaria) |
||
| 300 |
_a34 p. ; _c24 cm. |
||
| 650 | 4 |
_aCuestión de Oriente (Balcanes) _9141179 |
|
| 710 | 2 |
_aInstitución Libre de Enseñanza. _94724 |
|
| 852 |
_aES-MaACL _jT-331-F-4 _z-- Enc. hol. _q-- Falto de la cub. original _z-- Enc. en un vol. facticio |
||
| 999 |
_c156789 _d156789 |
||